000 00570nam a2200193 4500
001 272
005 20230411085954.0
008 060907n1995 dr spa
035 _9funglode273
041 _aES
100 _aEsteban, Jorge de
245 1 _aNormas de derecho constitucional /
_cJorge de Esteban; con la colaboración de Pedro José González - Trevijano
250 _a6
260 _aMadrid :
_bTecnos,
_c1995
300 _a987 p.
440 _aBiblioteca de textos legales ;
_v6
700 _aGonzález, Pedro José, Col.
942 _2lcc
_cbk
999 _c110247
_d110247